00568nam a2200181 a 45000010010000000030011000100080041000210350026000620820018000881000017001062450037001232600048001606500024002089420012002329520090002449980037003349990015003710000-8626ELIB.Books110520 1980  a(ELIB.Books)0000-8772 a268.434 bFow aFowler, Ruth aThe Woman I am in a Hungry World bBirmingham: Woman's Missionary Union c1980 aChristian Education 2ddccBK 00102ddc4070aKBTSbKBTSd2011-05-20l0p8082r2022-01-22 00:00:00w2022-01-22yBK cbate2011-05-20mcatu2020-09-30 c8626d8626